000 00909nam a22003370a 4500
001 PT45339
003 AR-LpoUNG
005 20210131231045.0
008 191001s2011||||uy |||||||||||||||||spa d
020 _a9789974697645
_c$4,80
040 _aAR-LpoUNG
_bspa
_cAR-LpoUNG
_eaacr
041 _aspa
044 _auy
082 0 _a808.068 3 57lib
100 1 _aKipling, Rudyard
245 1 3 _aEl libro de la selva
250 _a1ra. ed.
260 _aMontevideo :
_bLatinbooks,
_c2011.
300 _a63 p. :
_bil.
505 0 _aSugerido a partir de 14 años (etiqueta VERDE)
650 4 _aLITERATURA
650 4 _aNOVELAS
651 4 _aDOCUMENTOS TEORICOS O METODOLOGICOS
653 _aHISTORIETAS
653 _aLITERATURA INFANTIL
700 1 _aBerduque, María Carolina
_etr.
700 1 _aDe Sabato, Juan Cruz
_etr.
700 1 _aSandoval, Gerardo
_eil.
905 _a45339
942 _cLIB
999 _c7754
_d7754